000 00493nam a2200181Ia 4500
005 20250326124910.0
008 250326s9999 xx 000 0 und d
037 _aTextbook
040 _aFMSL
_beng
_cFMSL
041 _aeng
_2eng
084 _aX:8E K0
_qFMSL
100 _aThornton N
_9737867
245 0 _aRetail budgetory control and costing
_cThornton N
260 _aLondon
_bLondon, Business
_c1960
300 _a166p
942 _cTB
_hX:8E K0
999 _c1275690
_d1275690